Review of Part II of the Housing Grants, Construction and Regeneration Act 1996 (Record no. 103836)

MARC details
000 -LEADER
fixed length control field 01180cam a2200253 4500
001 - CONTROL NUMBER
control field J127916
008 - FIXED-LENGTH DATA ELEMENTS--GENERAL INFORMATION
fixed length control field 041108n2004 000 0 eng u
035 ## - SYSTEM CONTROL NUMBER
System control number (Sirsi) u127916
041 ## - LANGUAGE CODE
Language code of text/sound track or separate title eng
050 ## - LIBRARY OF CONGRESS CALL NUMBER
Classification number 692.8
-- 18
110 ## - MAIN ENTRY--CORPORATE NAME
Corporate name or jurisdiction name as entry element Construction Act Review Payment Group
9 (RLIN) 4651
240 ## - UNIFORM TITLE
Uniform title Latham review
245 ## - TITLE STATEMENT
Title Review of Part II of the Housing Grants, Construction and Regeneration Act 1996
Remainder of title chairman's final report of the deliberations of the payment working group
260 ## - PUBLICATION, DISTRIBUTION, ETC.
Place of publication, distribution, etc. London
Name of publisher, distributor, etc. DTI
Date of publication, distribution, etc. 2004
520 ## - SUMMARY, ETC.
Summary, etc. Considers the issues facing the construction industry in the area of payments making five specific recommendations for further consideration in the Latham review of the Housing Grants, Construction and Regeneration Act 1996.
650 ## - SUBJECT ADDED ENTRY--TOPICAL TERM
Topical term or geographic name entry element DISPUTE RESOLUTION
9 (RLIN) 6236
650 ## - SUBJECT ADDED ENTRY--TOPICAL TERM
Topical term or geographic name entry element HOUSING GRANTS, CONSTRUCTION AND REGENERATION ACT 1996 PART II
650 ## - SUBJECT ADDED ENTRY--TOPICAL TERM
Topical term or geographic name entry element LATHAM REFORMS
690 ## - LOCAL SUBJECT ADDED ENTRY--TOPICAL TERM (OCLC, RLIN)
Topical term or geographic name as entry element BUILDING AND CONSTRUCTION-MANAGEMENT
700 ## - ADDED ENTRY--PERSONAL NAME
Personal name Haryott, Richard
International Standard Serial Number Group Chairman
700 ## - ADDED ENTRY--PERSONAL NAME
Personal name Latham, Michael
Titles and other words associated with a name Sir
Dates associated with a name 1942-
International Standard Serial Number Chairman
856 ## - ELECTRONIC LOCATION AND ACCESS
Uniform Resource Identifier <a href="https://www.dti.gov.uk/construction/hgcra/hgcralead.htm">https://www.dti.gov.uk/construction/hgcra/hgcralead.htm</a>
Public note View the report on the DTI website...
942 ## - ADDED ENTRY ELEMENTS (KOHA)
Suppress in OPAC 0
Holdings
Withdrawn status Lost status Source of classification or shelving scheme Damaged status Not for loan Home library Current library Shelving location Date acquired Total Checkouts Full call number Barcode Date last seen Copy number Price effective from Koha item type
    Dewey Decimal Classification     Virtual Virtual Online 08/11/2004   ONLINE PUBLICATION 127916-1001 06/08/2019 1 06/08/2019 Book